Catàleg de propostes de dinamització cultural : cançó 1984 / Direcció General de Difusió Cultural, Servei de Promoció Cultural ; revisió a cura de Xavi Planas cançó 1984 / Direcció General de Difusió Cultural, Servei de Promoció Cultural ; revisió a cura de Xavi Planas
Descripción Física:
154 p. : il. ; 23 cm
Colección:
Guia cultural de Catalunya ; 3
Otros Autores:
Planas, Xevi, 1964-
Materias:
Cantants -- Catalunya -- Directoris
MARC
| LEADER | 00000nam a2200000Ia 4500 | ||
|---|---|---|---|
| 001 | 1423 | ||
| 008 | 160829s1984 xx 000 0 cat d | ||
| 080 | |a B-1-273 | ||
| 245 | |a Catàleg de propostes de dinamització cultural : |b cançó 1984 / Direcció General de Difusió Cultural, Servei de Promoció Cultural ; revisió a cura de Xavi Planas | ||
| 260 | |a Barcelona : |b Departament de Cultura de la Generalitat de Catalunya, |c 1984 | ||
| 300 | |a 154 p. : |b il. ; |c 23 cm | ||
| 490 | |a Guia cultural de Catalunya ; 3 | ||
| 650 | |a Cantants |x Catalunya |x Directoris |9 32703 | ||
| 700 | 1 | |a Planas, Xevi, |d 1964- |e editor literari |9 44856 | |
| 710 | 1 | |a Catalunya. |b Servei de Promoció Cultural |9 54975 | |
| 901 | |a Arxiu | ||
| 942 | |n 1 |2 udc | ||
| 952 | |0 0 |1 0 |4 0 |6 B1273 |7 1 |9 43883 |a Arxiu |b Arxiu |d 2016-12-01 |l 0 |o B-1-273 |p 1423 |r 2016-12-01 00:00:00 |w 2016-12-01 |y ARXIU | ||
| 999 | |c 46463 |d 46463 | ||